| 000 | 00898nam a2200289 i 4500 | ||
|---|---|---|---|
| 001 | 34814 | ||
| 003 | BD-RjUL | ||
| 005 | 20211209052221.0 | ||
| 008 | 140519s1979 fr af i000 0 eng d | ||
| 020 | _a9231016172 | ||
| 035 | _a(BD-RjUL)34908 | ||
| 040 |
_aDLC _cDLC _dBD-RjUL _beng |
||
| 041 | _aeng | ||
| 082 | 0 | 0 |
_a306.72910085 _bSAC 1979 |
| 100 | 1 |
_aSarusky, Jaime. _9105955 |
|
| 245 | 1 | 4 |
_aThe cultural policy of Cuba / _cJaime Saruski and Gerardo Mosquera. |
| 260 |
_aParis : _bUnesco, _cc1979. |
||
| 300 |
_a50 p., [2] leaves of plates : _bill. ; _c24 cm. |
||
| 500 | _a"[B12] CC.78/XIX.55/A." | ||
| 650 | 0 |
_aArts _zCuba _xManagement. _9105957 |
|
| 650 | 0 |
_aArt and state _zCuba. _9105958 |
|
| 700 | 1 |
_aMosquera, Gerardo, _ejoint author. _9105959 |
|
| 942 |
_2ddc _cBK |
||
| 999 |
_c34814 _d34814 |
||